Представление документа в формате RUSMARC

Поле Инд. ПП Название Значение
Тип записи a
Библиографический уровень m
001 Контрольный номер ecd3094f58fa42548e2629bdbb9e2f78
005 Дата корректировки 20250113150100.7
100 a Данные общей обработки 20181030 ||| 0rusy0189 ca
101 0_ a Язык текста rus
102 a Страна публикации RU
200 1_ a Заглавие № 1
b Общее обозначение материала Текст
210 1_ d Дата издания 2017
461 _0 1 2000
a Закон и право
1 0012d37ffbf9fb647a48b19bf96ed79a467
801 _0 a Страна RU
b Организация РГУП
c Дата составления 20181030
g Правила каталогизации PSBO
801 _1 a Страна RU
b Организация РГУП
c Дата составления 20181030
g Правила каталогизации PSBO
901 t Тип документа s
w Контрольный № источника 2d37ffbf9fb647a48b19bf96ed79a467
905 a Дата ввода 20181030